<?xml version="1.0" encoding="UTF-8"?>
<record
    xmlns:xsi="http://www.w3.org/2001/XMLSchema-instance"
    xsi:schemaLocation="http://www.loc.gov/MARC21/slim http://www.loc.gov/standards/marcxml/schema/MARC21slim.xsd"
    xmlns="http://www.loc.gov/MARC21/slim">

  <leader>01723nam a22002537a 4500</leader>
  <controlfield tag="003">Uzh_bibl</controlfield>
  <controlfield tag="008">260507b        |||||||| |||| 00| 0 ukr d</controlfield>
  <datafield tag="020" ind1=" " ind2=" ">
    <subfield code="a">978-966-14-9633-9</subfield>
    <subfield code="c">44.91</subfield>
  </datafield>
  <datafield tag="040" ind1=" " ind2=" ">
    <subfield code="b">&#x443;&#x43A;&#x440;.</subfield>
  </datafield>
  <datafield tag="041" ind1=" " ind2=" ">
    <subfield code="2">ukr</subfield>
    <subfield code="a">ukr</subfield>
  </datafield>
  <datafield tag="080" ind1=" " ind2=" ">
    <subfield code="a">821(477</subfield>
  </datafield>
  <datafield tag="090" ind1=" " ind2=" ">
    <subfield code="a">821(477)</subfield>
    <subfield code="b">&#x428; 66</subfield>
  </datafield>
  <datafield tag="100" ind1=" " ind2=" ">
    <subfield code="a">&#x428;&#x43A;&#x43B;&#x44F;&#x440;,&#x412;&#x430;&#x441;&#x438;&#x43B;&#x44C;</subfield>
  </datafield>
  <datafield tag="245" ind1=" " ind2=" ">
    <subfield code="a">&#x427;&#x43E;&#x440;&#x43D;&#x435; &#x421;&#x43E;&#x43D;&#x446;&#x435;</subfield>
    <subfield code="c">&#x445;&#x443;&#x434;&#x43E;&#x436;. &#x41C;&#x430;&#x440;&#x456;&#x430;&#x43D;&#x43D;&#x430; &#x41F;&#x430;&#x449;&#x443;&#x43A;</subfield>
    <subfield code="h">&#x422;&#x435;&#x43A;&#x441;&#x442;</subfield>
  </datafield>
  <datafield tag="260" ind1=" " ind2=" ">
    <subfield code="a">&#x425;&#x430;&#x440;&#x43A;&#x456;&#x432;</subfield>
    <subfield code="b">&#x41A;&#x43D;&#x438;&#x436;&#x43A;&#x43E;&#x432;&#x438;&#x439; &#x41A;&#x43B;&#x443;&#x431; "&#x41A;&#x43B;&#x443;&#x431; &#x421;&#x456;&#x43C;&#x435;&#x439;&#x43D;&#x43E;&#x433;&#x43E; &#x414;&#x43E;&#x437;&#x432;&#x456;&#x43B;&#x43B;&#x44F;"</subfield>
    <subfield code="c">2016</subfield>
  </datafield>
  <datafield tag="300" ind1=" " ind2=" ">
    <subfield code="a">304 &#x441;.</subfield>
    <subfield code="b">&#x456;&#x43B;.</subfield>
    <subfield code="f">&#x412; &#x43E;&#x43F;&#x440;.</subfield>
  </datafield>
  <datafield tag="520" ind1=" " ind2=" ">
    <subfield code="a">&#x420;&#x43E;&#x441;&#x456;&#x439;&#x441;&#x44C;&#x43A;&#x43E;-&#x443;&#x43A;&#x440;&#x430;&#x457;&#x43D;&#x441;&#x44C;&#x43A;&#x430; &#x432;&#x456;&#x439;&#x43D;&#x430; &#x43E;&#x447;&#x438;&#x43C;&#x430; &#x431;&#x456;&#x439;&#x446;&#x44F; &#x43F;&#x43E;&#x43B;&#x43A;&#x443; "&#x410;&#x437;&#x43E;&#x432;". &#x425;&#x442;&#x43E; &#x456; &#x43D;&#x430;&#x432;&#x456;&#x449;&#x43E; &#x437;&#x430;&#x442;&#x44F;&#x433;&#x443;&#x454; &#x43A;&#x440;&#x438;&#x432;&#x430;&#x432;&#x443; &#x434;&#x440;&#x430;&#x43C;&#x443;? &#x427;&#x43E;&#x43C;&#x443; &#x433;&#x438;&#x43D;&#x443;&#x442;&#x44C; &#x43D;&#x430;&#x439;&#x43A;&#x440;&#x430;&#x449;&#x456;? &#x427;&#x43E;&#x43C;&#x443; &#x43C;&#x456;&#x441;&#x446;&#x435;&#x432;&#x456; &#x432;&#x432;&#x430;&#x436;&#x430;&#x44E;&#x442;&#x44C; &#x441;&#x432;&#x43E;&#x457;&#x445; &#x432;&#x438;&#x437;&#x432;&#x43E;&#x43B;&#x438;&#x442;&#x435;&#x43B;&#x456;&#x432; &#x432;&#x43E;&#x440;&#x43E;&#x433;&#x430;&#x43C;&#x438;? &#x42F;&#x43A;&#x438;&#x43C; &#x43D;&#x430;&#x448; &#x433;&#x435;&#x440;&#x43E;&#x439; &#x431;&#x430;&#x447;&#x438;&#x442;&#x44C; &#x43C;&#x430;&#x439;&#x431;&#x443;&#x442;&#x43D;&#x454; &#x412;&#x456;&#x442;&#x447;&#x438;&#x437;&#x43D;&#x438;? &#x413;&#x43B;&#x438;&#x431;&#x43E;&#x43A;&#x430;, &#x441;&#x43F;&#x43E;&#x432;&#x43D;&#x435;&#x43D;&#x430; &#x441;&#x43C;&#x443;&#x442;&#x43A;&#x443;, &#x431;&#x43E;&#x43B;&#x44E; &#x439; &#x43D;&#x430;&#x434;&#x456;&#x457; &#x43E;&#x43F;&#x43E;&#x432;&#x456;&#x434;&#x44C; &#x445;&#x43B;&#x43E;&#x43F;&#x446;&#x44F;, &#x44F;&#x43A;&#x43E;&#x433;&#x43E; &#x447;&#x435;&#x441;&#x442;&#x44C; &#x456; &#x441;&#x443;&#x43C;&#x43B;&#x456;&#x43D;&#x43D;&#x44F; &#x437;&#x43C;&#x443;&#x441;&#x438;&#x43B;&#x438; &#x432;&#x437;&#x44F;&#x442;&#x438; &#x434;&#x43E; &#x440;&#x443;&#x43A; &#x437;&#x431;&#x440;&#x43E;&#x44E;. &#x414;&#x43E; &#x432;&#x438;&#x434;&#x430;&#x43D;&#x43D;&#x44F; &#x432;&#x432;&#x456;&#x439;&#x448;&#x43B;&#x438; &#x442;&#x432;&#x43E;&#x440;&#x438; "&#x427;&#x43E;&#x440;&#x43D;&#x435; &#x421;&#x43E;&#x43D;&#x446;&#x435;", "&#x422;&#x430;&#x43D;&#x435;&#x446;&#x44C; &#x43F;&#x456;&#x434; &#x447;&#x43E;&#x440;&#x442;&#x43E;&#x432;&#x443; &#x434;&#x443;&#x434;&#x43A;&#x443;", "&#x41A;&#x440;&#x443;&#x43A; - &#x43F;&#x442;&#x430;&#x445;&#x430; &#x43D;&#x435;&#x442;&#x443;&#x442;&#x435;&#x448;&#x43D;&#x44F;", "&#x41E;&#x441;&#x442;&#x430;&#x43D;&#x43D;&#x456;&#x439; &#x448;&#x430;&#x43D;&#x441; &#x417;&#x430;&#x445;&#x430;&#x440;&#x430; &#x421;&#x43A;&#x43E;&#x440;&#x43E;&#x431;&#x430;&#x433;&#x430;&#x442;&#x44C;&#x43A;&#x430;", "&#x412;&#x438;&#x441;&#x43E;&#x43A;&#x456; &#x433;&#x43E;&#x440;&#x438; &#x443; &#x42F;&#x43B;&#x442;&#x456;", "&#x426;&#x456;&#x43B;&#x43A;&#x43E;&#x43C; &#x442;&#x430;&#x454;&#x43C;&#x43D;&#x456; &#x456;&#x441;&#x442;&#x43E;&#x440;&#x456;&#x457;".</subfield>
  </datafield>
  <datafield tag="521" ind1=" " ind2=" ">
    <subfield code="a">&#x414;&#x43B;&#x44F; &#x448;&#x438;&#x440;&#x43E;&#x43A;&#x43E;&#x433;&#x43E; &#x43A;&#x43E;&#x43B;&#x430; &#x447;&#x438;&#x442;&#x430;&#x447;&#x456;&#x432;</subfield>
  </datafield>
  <datafield tag="546" ind1=" " ind2=" ">
    <subfield code="a">&#x443;&#x43A;&#x440;.</subfield>
  </datafield>
  <datafield tag="650" ind1=" " ind2=" ">
    <subfield code="a">&#x41B;&#x456;&#x442;&#x435;&#x440;&#x430;&#x442;&#x443;&#x440;&#x43D;&#x43E;-&#x445;&#x443;&#x434;&#x43E;&#x436;&#x43D;&#x454; &#x432;&#x438;&#x434;&#x430;&#x43D;&#x43D;&#x44F;</subfield>
  </datafield>
  <datafield tag="653" ind1=" " ind2=" ">
    <subfield code="a">&#x412;&#x43E;&#x440;&#x43E;&#x433;</subfield>
    <subfield code="a">&#x412;&#x456;&#x439;&#x43D;&#x430;</subfield>
    <subfield code="a">&#x410;&#x437;&#x43E;&#x432;</subfield>
  </datafield>
  <datafield tag="655" ind1=" " ind2=" ">
    <subfield code="a">&#x424;&#x456;&#x43A;&#x448;&#x43D;</subfield>
    <subfield code="v">&#x417;&#x431;&#x456;&#x440;&#x43A;&#x430;</subfield>
  </datafield>
  <datafield tag="942" ind1=" " ind2=" ">
    <subfield code="2">udc</subfield>
    <subfield code="c">BK</subfield>
  </datafield>
  <datafield tag="999" ind1=" " ind2=" ">
    <subfield code="c">17662</subfield>
    <subfield code="d">17662</subfield>
  </datafield>
  <datafield tag="952" ind1=" " ind2=" ">
    <subfield code="0">0</subfield>
    <subfield code="1">0</subfield>
    <subfield code="2">udc</subfield>
    <subfield code="4">0</subfield>
    <subfield code="7">0</subfield>
    <subfield code="a">F5</subfield>
    <subfield code="b">F5</subfield>
    <subfield code="c">ABP</subfield>
    <subfield code="d">2026-05-07</subfield>
    <subfield code="i">67441</subfield>
    <subfield code="l">0</subfield>
    <subfield code="o">821(477)</subfield>
    <subfield code="p">4249</subfield>
    <subfield code="r">2026-05-07</subfield>
    <subfield code="w">2026-05-07</subfield>
    <subfield code="y">BK</subfield>
  </datafield>
</record>
